Dziewietnastowieczna architektura w Politechnice Lódzkiej /

Enregistré dans:
Détails bibliographiques
Auteurs principaux: Szabela, Jacek (Auteur), Trocha, Malgorzata (Auteur), Chojnacka, Ewa (Auteur), Boczkowska, Anna (Auteur)
Format: Livre
Langue:polonais
anglais
Publié: Łódź : Wydawnictwo Politechniki Lódzkiej, 2013
Édition:1. vydanie
Sujets:
Tags: Ajouter un tag
Pas de tags, Soyez le premier à ajouter un tag!

MARC

LEADER 00000nam a22000003a 4500
001 0068259
003 SK-STU
005 20190402112912.4
007 ta
008 181105s ----xo-----e------000-0-----d
020 |a 978-83-7283-517-8 
040 |a STU  |b slo 
041 0 |a pol  |a eng 
044 |a pl 
100 1 |a Szabela, Jacek  |4 aut 
245 1 0 |a Dziewietnastowieczna architektura w Politechnice Lódzkiej /  |c aut. Jacek Szabela, Malgorzata Trocha, Ewa Chojnacka, Anna Boczkowska 
246 3 1 |a 19th century architectural heritage of Lodz University of Technology 
250 |a 1. vydanie 
260 |a Łódź :  |b Wydawnictwo Politechniki Lódzkiej,  |c 2013 
300 |a 13 s. 
650 0 7 |a 19. storočie 
650 0 7 |a architektúra poľská 
650 0 7 |a vily 
650 0 7 |a mestské paláce 
700 1 |a Trocha, Malgorzata  |4 aut 
700 1 |a Chojnacka, Ewa  |4 aut 
700 1 |a Boczkowska, Anna  |4 aut 
996 |b 284AU07719  |c A* 10971/U  |l AAKNAR  |s A  |a 24  |w 0068259_0001